000 00826cac a22002291u 4500
090 _c9344
008 081112t1999 xxu||||| |||| 00| 0 eng d
010 _a98039932
020 _a0816033110
082 0 0 _a170.3
_bENC
245 0 0 _aEncyclopedia of ethics /
_cSusan Neiburg Terkel, consulting editor ; R. Shannon Duval, editor.
260 _aNew York :
_bFacts On File,
_cc1999.
300 _axvi, 302 p. ;
_c25 cm.
500 _aDistributer: Al-Ahram
504 _aIncludes bibliographical references and index.
511 _aCatalogued by: Sara
650 0 _aEthics
_xEncyclopedias.
700 1 _aTerkel, Susan Neiburg.
700 1 _aDuval, R. Shannon.
942 _cNB
_k170.3ENC
_2ddc
999 _c9344
_d9344